| 000 | 01546nam0a22003011 4500 | ||
|---|---|---|---|
| 001 | v19\rc\1646007 | ||
| 005 | 20260407102657.0 | ||
| 035 | _a(NLR Aleph) 004758302 | ||
| 090 |
_a4570535 _c4570535 |
||
| 100 | _a20061002d1887 |||y0rusy50 ca | ||
| 101 | 0 | _arus | |
| 102 | _aRU | ||
| 105 | _ay z ||||| | ||
| 200 | 1 | _aЗаписка о лесном товаре и изделиях из дерева и древесных материалов, составленная профессором С.-Петербургского практического технологического института Н.Ф. Лабзиным | |
| 210 |
_aС.-Петербург _cтипография В. Киршбаума _d1887 |
||
| 215 |
_a[4], 72 с. _d34 |
||
| 225 | 2 |
_aМатериалы к пересмотру общего таможенного тарифа Российской империи по европейской торговле _v1 |
|
| 700 | 1 |
_4220 _7ca _8rus _aЛабзин _bН. Ф. _cгос. служащий, специалист по технологии металлов _f1837-1927 _gНиколай Филиппович _9197843 _3RU\NLR\AUTH\770197894 |
|
| 712 | 0 | 1 |
_4650 _aРоссия _bДепартамент таможенных сборов _3RU\NLR\AUTH\889931039 _9357551 |
| 801 | 0 |
_aRU _bNLR _gpsbo |
|
| 801 | 0 |
_aRU _bRuMoRGB _2psbo |
|
| 801 | 1 |
_aRU _bProSoft-M _2rusmarc |
|
| 801 | 2 |
_aRU _bNLR _c20130624 _2rusmarc |
|
| 852 |
_aNLR _j18.195.1.12 (1) |
||
| 899 |
_aRuMoRGB _jA 253/2 (№ 1) |
||
| 942 | _cBOOK | ||
| 980 | _aNB | ||